000 00464nam a2200157 i 4500
001 20909
003 ES-MaACL
005 20230906152403.0
007 t|
008 021119s1960 xxu ||||1| eng d
100 1 _aAdrian, Charles R.
_918474
245 1 0 _aState and local Governments
_b: a study in the political /
_cCharles R. Adrian.
260 _aNew York, etc. :
_bMcGraw-Hill,
_c[1960]
300 _a531 p. ;
_c25 cm.
852 _aES-MaACL
_jC-19638
_bR.46210
999 _c20909
_d20909